MARC details
| 000 -LEADER |
| fixed length control field |
01005nam a2200289 i 4500 |
| 001 - CONTROL NUMBER |
| control field |
200452423 |
| 003 - CONTROL NUMBER IDENTIFIER |
| control field |
TR-AnTOB |
| 005 - DATE AND TIME OF LATEST TRANSACTION |
| control field |
20230307160053.0 |
| 007 - PHYSICAL DESCRIPTION FIXED FIELD--GENERAL INFORMATION |
| fixed length control field |
ta |
| 008 - FIXED-LENGTH DATA ELEMENTS--GENERAL INFORMATION |
| fixed length control field |
210225b tu d 000 0 tur d |
| 035 ## - SYSTEM CONTROL NUMBER |
| System control number |
(TR-AnTOB)200452423 |
| 040 ## - CATALOGING SOURCE |
| Original cataloging agency |
TR-AnTOB |
| Language of cataloging |
eng |
| Description conventions |
rda |
| Transcribing agency |
TR-AnTOB |
| 041 0# - LANGUAGE CODE |
| Language code of text/sound track or separate title |
Türkçe |
| 050 14 - LIBRARY OF CONGRESS CALL NUMBER |
| Classification number |
HD9259.A673 |
| Item number |
M35 |
| 090 ## - LOCALLY ASSIGNED LC-TYPE CALL NUMBER (OCLC); LOCAL CALL NUMBER (RLIN) |
| Classification number (OCLC) (R) ; Classification number, CALL (RLIN) (NR) |
HD9259.A673 |
| Local cutter number (OCLC) ; Book number/undivided call number, CALL (RLIN) |
M35 |
| 245 00 - TITLE STATEMENT |
| Title |
Malatya kayısı işleme değerlendirme imkanları araştırması : |
| Remainder of title |
sonuç ve öneriler. |
| 264 #1 - PRODUCTION, PUBLICATION, DISTRIBUTION, MANUFACTURE, AND COPYRIGHT NOTICE |
| Place of production, publication, distribution, manufacture |
Ankara : |
| Name of producer, publisher, distributor, manufacturer |
Türk Mühendislik, Müşavirlik ve Müteahhitlik, |
| Date of production, publication, distribution, manufacture, or copyright notice |
[date of publication not identified] |
| 300 ## - PHYSICAL DESCRIPTION |
| Extent |
20 pages : |
| Other physical details |
tables ; |
| Dimensions |
30 cm |
| 336 ## - CONTENT TYPE |
| Content type term |
text |
| Content type code |
txt |
| Source |
rdacontent |
| 337 ## - MEDIA TYPE |
| Media type term |
unmediated |
| Media type code |
n |
| Source |
rdamedia |
| 338 ## - CARRIER TYPE |
| Carrier type term |
volume |
| Carrier type code |
nc |
| Source |
rdacarrier |
| 650 #7 - SUBJECT ADDED ENTRY--TOPICAL TERM |
| Topical term or geographic name entry element |
Kayısı endüstrisi |
| Geographic subdivision |
Türkiye |
| -- |
Malatya |
| Source of heading or term |
etuturkob |
| 9 (RLIN) |
135356 |
| 710 2# - ADDED ENTRY--CORPORATE NAME |
| Corporate name or jurisdiction name as entry element |
Devlet Planlama Teşkilatı (Turkey). |
| Subordinate unit |
Müsteşarlık Araştırma Grubu |
| 9 (RLIN) |
141039 |
| 942 ## - ADDED ENTRY ELEMENTS (KOHA) |
| Source of classification or shelving scheme |
Other/Generic Classification Scheme |
| Koha item type |
Book |